000 00203nam a2200109Ia 4500
100 _a#N/A
942 _cBK
654 _ajavabeans
245 _aEnterprise Javabeans
260 _b#N/A
546 _aENGLISH
999 _c20418
_d20418